Implementácia systému manažérstva kvality v zmysle normy STN EN ISO 9001:2009 a návrh postupnosti krokov pre prípravu firmy SAVOIR s.r.o. na certifikáciu
Na minha lista:
| Autor principal: | |
|---|---|
| Outros Autores: | |
| Formato: | Manuscrito Livro |
| Idioma: | eslovaco |
| Publicado em: |
Bratislava :
STU v Bratislave SjF,
2012
|
| Assuntos: | |
| Acesso em linha: | VAIS |
| Tags: |
Sem tags, seja o primeiro a adicionar uma tag!
|
MARC
| LEADER | 00000ntm a22000003a 4500 | ||
|---|---|---|---|
| 001 | stu263999 | ||
| 005 | 20150617230221.5 | ||
| 008 | 130313s2012----xo------------------slo-d | ||
| 040 | |a STU |b slo | ||
| 041 | 0 | |a slo | |
| 044 | |a xo | ||
| 100 | 1 | |a Kyseľová, Monika, |d 1986- |4 aut |u J |T SjF Strojnícka fakulta |X 44881 |U J |Y 20 |7 A000044881 | |
| 242 | 0 | 0 | |a Implementation of quality management system in sense of norm STN EN ISO 9001:2009 and design of steps necessary for company SAVOIR s.r.o. certificate preparation |y eng |
| 245 | 1 | |a Implementácia systému manažérstva kvality v zmysle normy STN EN ISO 9001:2009 a návrh postupnosti krokov pre prípravu firmy SAVOIR s.r.o. na certifikáciu | |
| 260 | |a Bratislava : |b STU v Bratislave SjF, |c 2012 | ||
| 650 | 7 | |a kvalita produkcie v strojárskych podnikoch |2 stusub | |
| 650 | 7 | |a Quality of Production in Engineering Enterprises |2 estusub | |
| 650 | 7 | |a certification |2 estusub | |
| 650 | 7 | |a analysis |2 estusub | |
| 650 | 7 | |a quality management system |2 estusub | |
| 650 | 7 | |a ISO norms |2 estusub | |
| 650 | 7 | |a quality |2 estusub | |
| 650 | 7 | |a certifikácia |2 stusub | |
| 650 | 7 | |a kvalita |2 stusub | |
| 650 | 7 | |a analýza |2 stusub | |
| 650 | 7 | |a systém manažérstva kvality |2 stusub | |
| 650 | 7 | |a audit |2 stusub | |
| 700 | 1 | |a Palenčár, Rudolf, |d 1949- |4 ths |u J0020 |U SjF Strojnícka fakulta |T SjF Ústav automatizácie, merania a aplikovanej informatiky |X 2375 |U J0020 |Y 802 |7 A000002375 | |
| 856 | 4 | |a info a plný text |u http://is.stuba.sk/zp/portal_zp.pl?podrobnosti=85213 |3 VAIS | |